Welcome to the Holygrace Academy Library

Please use search bar below to get started

SMILES AND CHUCKLES (Record no. 5683)

MARC details
000 -LEADER
fixed length control field 00257nam a22001217a 4500
082 ## - DEWEY DECIMAL CLASSIFICATION NUMBER
Classification number 827
Item number PAI/S
100 ## - MAIN ENTRY--AUTHOR NAME
Personal name PAIS, FRED, M
245 ## - TITLE STATEMENT
Title SMILES AND CHUCKLES
260 ## - PUBLICATION, DISTRIBUTION, ETC. (IMPRINT)
Place of publication BANGALORE
Name of publisher ATC PUBLICATIONS
300 ## - PHYSICAL DESCRIPTION
Number of Pages 92
650 ## - SUBJECT ADDED ENTRY--TOPICAL TERM
Topical Term JOKES
Geographic subdivision INDIA
942 ## - ADDED ENTRY ELEMENTS (KOHA)
Koha item type Books
Holdings
Withdrawn status Lost status Collection code Home library Current library Shelving location Date acquired Source of acquisition Full call number Accession Number Koha item type
    Non-fiction Main Library Main Library SHELF 15E--PSYCHOLOGY,JOKES 19/04/2013 purchase 827 PAI/S 06515 Books